Southville International School and Colleges
Your cart is empty.
  • Cart
  • Lists
    Public lists Eva Luna New books Lux_list list_1
    Your lists Log in to create your own lists
  • Log in to your account
  • Your cookies
  • Search history
Southville International School and Colleges
  • Advanced search
  • Recent comments
  • Most popular
  • Libraries

Log in to your account

Log in with GOOGLE


If you do not have an external account, but do have a local account, you can still log in:

  1. Home
  2. MARC view: Applied business tools and technologies in tourism and hospitality
Normal view MARC view ISBD view

Applied business tools and technologies in tourism and hospitality (Record no. 365692)

[ view plain ]
MARC details
000 -LEADER
fixed length control field 00669nam a22002057a 4500
003 - CONTROL NUMBER IDENTIFIER
control field 0
005 - DATE AND TIME OF LATEST TRANSACTION
control field 20231204074327.0
008 - FIXED-LENGTH DATA ELEMENTS--GENERAL INFORMATION
fixed length control field 231204b xxu||||| |||| 00| 0 eng d
020 ## - INTERNATIONAL STANDARD BOOK NUMBER
International Standard Book Number 978-621-427-103-0
050 ## - LIBRARY OF CONGRESS CALL NUMBER
Classification number G 155
Item number .R63 2022
100 ## - MAIN ENTRY--PERSONAL NAME
Personal name Rodolfa, Bernardo B., Jr.
245 ## - TITLE STATEMENT
Title Applied business tools and technologies in tourism and hospitality
Statement of responsibility, etc Bernardo B. Rodolfa, Jr.
250 ## - EDITION STATEMENT
Edition statement First edition
260 ## - PUBLICATION, DISTRIBUTION, ETC. (IMPRINT)
Place of publication, distribution, etc Manila
Name of publisher, distributor, etc Unlimited Books Library Services & Publishing Inc.
Date of publication, distribution, etc c2022.
300 ## - PHYSICAL DESCRIPTION
Extent x, 120 pages ;
Dimensions 26 cm.
504 ## - BIBLIOGRAPHY, ETC. NOTE
Bibliography, etc Includes bibliographical references.
650 ## - SUBJECT ADDED ENTRY--TOPICAL TERM
Topical term or geographic name as entry element Hospitality industry.
650 ## - SUBJECT ADDED ENTRY--TOPICAL TERM
Topical term or geographic name as entry element Tourism.
942 ## - ADDED ENTRY ELEMENTS (KOHA)
Source of classification or shelving scheme Library of Congress Classification
Koha item type Books
Holdings
Withdrawn status Lost status Source of classification or shelving scheme Damaged status Home library Current library Shelving location Date acquired Source of acquisition Sub Shelving location Total Checkouts Full call number Barcode Date last seen Price effective from Koha item type
    Library of Congress Classification   College Library College Library Filipiniana Section 12/04/2023 Library Fund     G 155 .R63 2022 C23170 12/04/2023 12/04/2023 Books
    Library of Congress Classification   College Library College Library Filipiniana Section 12/04/2023 Library Fund     G 155 .R63 2022 C23171 12/04/2023 12/04/2023 Books

Applied business tools and technologies in tourism and hospitality

APA

Rodolfa B. B. J., . (2022). Applied business tools and technologies in tourism and hospitality. Manila: Unlimited Books Library Services & Publishing Inc.

Chicago

Rodolfa Bernardo B Jr, . 2022. Applied business tools and technologies in tourism and hospitality. Manila: Unlimited Books Library Services & Publishing Inc.

Harvard

Rodolfa B. B. J., . (2022). Applied business tools and technologies in tourism and hospitality. Manila: Unlimited Books Library Services & Publishing Inc.

MLA

Rodolfa Bernardo B Jr, . Applied business tools and technologies in tourism and hospitality. Manila: Unlimited Books Library Services & Publishing Inc. 2022.

  • Place hold
  • Print
  • Cite
  • Add to your cart (remove)
  • Save record
    BIBTEX Dublin Core MARCXML MARC (non-Unicode/MARC-8) MARC (Unicode/UTF-8) MARC (Unicode/UTF-8, Standard) MODS (XML) RIS
  • More searches
    Search for this title in:
    Other Libraries (WorldCat) Other Databases (Google Scholar) Online Stores (Bookfinder.com) Open Library (openlibrary.org)

Exporting to Dublin Core...

SOUTHVILLE LIBRARY

Southville International School and Colleges Library

1281 Tropical Ave. Cor. Luxembourg St., BF Homes International, Las Pinas City

Tel. No. 8256374 / 252358 Loc. 117/146

Powered by Koha